كروم العنب و طرق إنتاجها / (Record no. 72808)

MARC details
000 -LEADER
fixed length control field 00473nam a22001577a 4500
005 - DATE AND TIME OF LATEST TRANSACTION
control field 20251108172207.0
008 - FIXED-LENGTH DATA ELEMENTS--GENERAL INFORMATION
fixed length control field 250721s1986 xx 000 0 ara d
082 14 - DEWEY DECIMAL CLASSIFICATION NUMBER
Classification number 634.8/كرو
100 1# - MAIN ENTRY--PERSONAL NAME
Personal name سوريال، جميل فهيم
245 10 - TITLE STATEMENT
Title كروم العنب و طرق إنتاجها /
264 1# - PRODUCTION, PUBLICATION, DISTRIBUTION, MANUFACTURE, AND COPYRIGHT NOTICE
Place of production, publication, distribution, manufacture نيقوسيا :
Name of producer, publisher, distributor, manufacturer الدار العربية للنشر و التوزيع،
Date of production, publication, distribution, manufacture, or copyright notice 1986.
300 ## - PHYSICAL DESCRIPTION
Extent 232ص
650 17 - SUBJECT ADDED ENTRY--TOPICAL TERM
Topical term or geographic name as entry element العنب
942 ## - ADDED ENTRY ELEMENTS (KOHA)
Source of classification or shelving scheme Dewey Decimal Classification
Koha item type Books
Holdings
حالة السحب حالة الفقدان مصدر التصنيف حالة التلف غير قابل للإعارة المكتبة الرئيسية المكتبة الحالية موقع الرف تاريخ التزويد الرقم المتسلسل Total Checkouts رقم الإستدعاء الباركود تاريخ آخر ظهور تاريخ الفاتورة نوع المادة (كوها)
    Dewey Decimal Classification     مكتبة صويلح العامة مكتبة صويلح العامة الإعارة 13/05/2015 05403   634.8/كرو PLD00327864 28/07/2025 13/05/2015 Books
Implemented & Customized by: BBB with SCIT (Smart Chains for Information Technology)

Powered by Koha